000 01431nam0a2200325 4500
001 RU\NLR\bibl\98889
005 20260406075356.0
010 _a5-88433-012-Х
_9100000
021 _aRU
_b98-30530
_91446
035 _a(NLR Aleph) 000096682
090 _a544422
_c544422
100 _a20000719d1998 |||y0rusy50 ca
101 0 _arus
102 _aRU
105 _aa |||||||||
200 1 _aГраждановедение
_e9 кл.
_eУчеб. пособие для учащихся 9 кл., их родителей и учителей
_fЯ.В. Соколов, А.С. Прутченков
205 _a3-е изд.
210 _aМ.
_cНВЦ "Гражданин"
_d1998
215 _a381,[3] с.
_cил.
_d21
606 0 _aОбществоведение
_jРуководства, пособия и т.п. для средней школы
_91764031
_3RU\NLR\auth\66791493
606 0 _aОбществоведение
_jУчебные издания для средней школы
_91764031
_3RU\NLR\auth\66791493
686 _aС.я72
700 1 _4070
_7ca
_8rus
_aСоколов
_bЯ. В.
_cканд. пед. наук
_gЯков Владимирович
_921109
_3RU\NLR\auth\7738122
701 1 _aПрутченков
_bА. С.
_gАлександр Сергеевич
_4070
801 0 _aRU
_bNLR
_c20000719
_gPSBO
801 1 _aRU
_bNLR
_c20000719
852 _aNLR
_j98-3/8536
942 _cBOOK
980 _aNB